Organic and Hybrid Solar Cells (Record no. 355818)

000 -LEADER
fixed length control field 02360cam a22004815i 4500
001 - CONTROL NUMBER
control field 11198442
003 - CONTROL NUMBER IDENTIFIER
control field USPCAS-E
005 - DATE AND TIME OF LATEST TRANSACTION
control field 20180118181414.0
006 - FIXED-LENGTH DATA ELEMENTS--ADDITIONAL MATERIAL CHARACTERISTICS
fixed length control field m d
007 - PHYSICAL DESCRIPTION FIXED FIELD--GENERAL INFORMATION
fixed length control field cr n
008 - FIXED-LENGTH DATA ELEMENTS--GENERAL INFORMATION
fixed length control field 141125s2014 gw | s |||| 0|eng d
020 ## - INTERNATIONAL STANDARD BOOK NUMBER
International Standard Book Number 9783319108551
020 ## - INTERNATIONAL STANDARD BOOK NUMBER
International Standard Book Number 9783319108544 (print)
024 7# - OTHER STANDARD IDENTIFIER
Standard number or code 10.1007/978-3-319-10855-1
Source of number or code doi
035 ## - SYSTEM CONTROL NUMBER
System control number (WaSeSS)ssj0001386660
040 ## - CATALOGING SOURCE
Modifying agency WaSeSS
Transcribing agency 0
050 #4 - LIBRARY OF CONGRESS CALL NUMBER
Classification number TJ165
072 #7 - SUBJECT CATEGORY CODE
Subject category code THRH
Source bicssc
072 #7 - SUBJECT CATEGORY CODE
Subject category code TEC031000
Source bisacsh
082 04 - DEWEY DECIMAL CLASSIFICATION NUMBER
Classification number 621.3126
Edition number 23
Author Mark ORG 2014
100 1# - MAIN ENTRY--PERSONAL NAME
Personal name Huang, Hui.
Relator term editor.
210 10 - ABBREVIATED TITLE
Abbreviated title Organic and Hybrid Solar Cells
245 10 - TITLE STATEMENT
Title Organic and Hybrid Solar Cells
Medium [electronic resource] /
Statement of responsibility, etc. edited by Hui Huang, Jinsong Huang.
260 ## - PUBLICATION, DISTRIBUTION, ETC.
Place of publication, distribution, etc. London:
Name of publisher, distributor, etc. Springer,
Date of publication, distribution, etc. c2014.
502 ## - DISSERTATION NOTE
Dissertation note 0
505 0# - FORMATTED CONTENTS NOTE
Formatted contents note Introduction to Organic/Hybrid Solar Cells (OSC) -- Charge Transport and Recombination in OSC -- Donor Materials for OSC -- N-type Electron Accepting Materials for OSC -- Interfacial Layers in OSC -- Alternative Electrodes for OSC -- Inverted Organic Solar Cells -- Stability of OSC -- Research Progress and Manufacturing Techniques for Large Area Polymer Solar Cells -- Hybrid Solar Cells.
506 ## - RESTRICTIONS ON ACCESS NOTE
Terms governing access License restrictions may limit access.
520 ## - SUMMARY, ETC.
Summary, etc. This book delivers a comprehensive evaluation of organic and hybrid solar cells and identifies their fundamental principles and numerous applications.  Great attention is given to the charge transport mechanism, donor and acceptor materials, interfacial materials, alternative electrodes, device engineering and physics, and device stability. The authors provide an industrial perspective on the future of photovoltaic technologies.
650 #0 - SUBJECT ADDED ENTRY--TOPICAL TERM
Topical term or geographic name entry element Electric engineering.
650 #0 - SUBJECT ADDED ENTRY--TOPICAL TERM
Topical term or geographic name entry element Surfaces (Physics).
650 14 - SUBJECT ADDED ENTRY--TOPICAL TERM
Topical term or geographic name entry element Energy.
650 24 - SUBJECT ADDED ENTRY--TOPICAL TERM
Topical term or geographic name entry element Energy Storage.
650 24 - SUBJECT ADDED ENTRY--TOPICAL TERM
Topical term or geographic name entry element Energy Technology.
650 24 - SUBJECT ADDED ENTRY--TOPICAL TERM
Topical term or geographic name entry element Characterization and Evaluation of Materials.
700 1# - ADDED ENTRY--PERSONAL NAME
Personal name Huang, Jinsong.
Relator term editor.
710 2# - ADDED ENTRY--CORPORATE NAME
Corporate name or jurisdiction name as entry element SpringerLink (Online service)
773 0# - HOST ITEM ENTRY
Title Springer eBooks
773 #0 - HOST ITEM ENTRY
Title SpringerLINK ebooks - Energy (2014)
776 08 - ADDITIONAL PHYSICAL FORM ENTRY
Relationship information Printed edition:
International Standard Book Number 9783319108544
856 40 - ELECTRONIC LOCATION AND ACCESS
Uniform Resource Identifier <a href="http://www.columbia.edu/cgi-bin/cul/resolve?clio11198442">http://www.columbia.edu/cgi-bin/cul/resolve?clio11198442</a>
Public note Full text available from SpringerLINK ebooks - Energy (2014)
910 ## - USER-OPTION DATA (OCLC)
User-option data Vendor-generated brief record
942 ## - ADDED ENTRY ELEMENTS (KOHA)
Source of classification or shelving scheme
Koha item type Book
Holdings
Withdrawn status Lost status Source of classification or shelving scheme Damaged status Not for loan Collection code Permanent Location Current Location Shelving location Date acquired Source of acquisition Cost, normal purchase price Total Checkouts Full call number Barcode Date last seen Price effective from Koha item type Copy number
            US-Pakistan Center for Advanced Studies in Energy (USPCAS-E) US-Pakistan Center for Advanced Studies in Energy (USPCAS-E)   12/28/2015 Progressive 11570.00   621.3126 ORG 2014 CAS-E0000929 12/28/2015 12/28/2015 Book  
            US-Pakistan Center for Advanced Studies in Energy (USPCAS-E) US-Pakistan Center for Advanced Studies in Energy (USPCAS-E)   12/28/2015 Progressive 11570.00   621.3126 ORG 2014 CAS-E0000930 12/28/2015 12/28/2015 Book C.2
© 2023 Central Library, National University of Sciences and Technology. All Rights Reserved.